[Event "DVM U16 2022"]
[Site "Darmstadt GER"]
[Date "2022.12.28"]
[Round "4"]
[White "Nönnig, Jakob"]
[Black "Willberg, Marek"]
[Result "1-0"]
[Termination "normal"]
[Board "4.4"]
[WhiteElo "1606"]
[BlackElo "1386"]
[WhiteClock "00:05:18"]
[BlackClock "00:00:35"]
[WhiteTeam "Schachzwerge Magdeburg"]
[BlackTeam "VfB Schach Leipzig e.V."]
[PlyCount "73"]
[WhiteFideId "16289447"]
[BlackFideId "16224027"]
[EventCountry "GER"]
[EventRounds "7"]
[EventType "team-swiss"]
[EventDate "2022.12.26"]

1. e4 {[%clk 1:30:58]} b6 {[%clk 1:30:50]} 2. d4 {[%clk 1:31:19]} Bb7 {[%clk
1:31:11]} 3. Bd3 {[%clk 1:31:39]} e6 {[%clk 1:31:17]} 4. Nf3 {[%clk 1:31:10]}
c5 {[%clk 1:30:37]} 5. c3 {[%clk 1:26:33]} Be7 {[%clk 1:24:33]} 6. Bf4 {[%clk
1:24:56]} d6 {[%clk 1:23:35]} 7. O-O {[%clk 1:23:41]} Nf6 {[%clk 1:21:02]} 8.
Qc2 {[%clk 1:17:13]} h6 {[%clk 1:13:51]} 9. Nbd2 {[%clk 1:14:52]} Nc6 {[%clk
1:10:38]} 10. Rac1 {[%clk 1:12:17]} O-O {[%clk 1:09:21]} 11. a3 {[%clk
1:01:59]} Rc8 {[%clk 1:04:12]} 12. Qb1 {[%clk 0:59:07]} Qd7 {[%clk 0:46:51]}
13. Rfd1 {[%clk 0:56:47]} Rfd8 {[%clk 0:46:45]} 14. Nf1 {[%clk 0:53:17]} Qe8
{[%clk 0:42:43]} 15. Ne3 {[%clk 0:42:24]} Nh5 {[%clk 0:36:28]} 16. Bg3 {[%clk
0:42:04]} Nxg3 {[%clk 0:36:30]} 17. hxg3 {[%clk 0:41:44]} Bf6 {[%clk 0:32:53]}
18. d5 {[%clk 0:39:25]} Ne5 {[%clk 0:27:47]} 19. Nxe5 {[%clk 0:37:35]} dxe5
{[%clk 0:27:07]} 20. c4 {[%clk 0:37:42]} Bg5 {[%clk 0:18:12]} 21. Re1 {[%clk
0:36:50]} Ba6 {[%clk 0:14:43]} 22. Qa2 {[%clk 0:27:02]} exd5 {[%clk 0:12:11]}
23. exd5 {[%clk 0:27:10]} b5 {[%clk 0:11:24]} 24. b3 {[%clk 0:27:00]} bxc4
{[%clk 0:10:06]} 25. bxc4 {[%clk 0:27:27]} Rb8 {[%clk 0:09:30]} 26. Rcd1 {[%clk
0:20:15]} e4 {[%clk 0:06:59]} 27. Nc2 {[%clk 0:16:35]} f5 {[%clk 0:07:02]} 28.
f3 {[%clk 0:16:53]} Qa4 {[%clk 0:05:01]} 29. fxe4 {[%clk 0:16:34]} fxe4 {[%clk
0:04:44]} 30. Rxe4 {[%clk 0:15:58]} Bf6 {[%clk 0:05:09]} 31. Rb1 {[%clk
0:15:53]} Qa5 {[%clk 0:03:08]} 32. Ne1 {[%clk 0:09:21]} Qc3 {[%clk 0:02:23]}
33. Rxb8 {[%clk 0:09:23]} Rxb8 {[%clk 0:02:35]} 34. Qe2 {[%clk 0:09:51]} Kf7
{[%clk 0:02:17]} 35. Re6 {[%clk 0:06:46]} Qxa3 {[%clk 0:01:04]} 36. Qe4 {[%clk
0:05:18]} Rd8 {[%clk 0:00:35]} 37. Qh7 1-0

[Event "DVM U16 2022"]
[Site "Darmstadt GER"]
[Date "2022.12.28"]
[Round "4"]
[White "Lerchl, Clemens"]
[Black "Halabi, Ibrahim"]
[Result "1/2-1/2"]
[Termination "normal"]
[Board "5.1"]
[WhiteElo "1958"]
[BlackElo "1927"]
[WhiteClock "00:32:29"]
[BlackClock "00:21:34"]
[WhiteTeam "Schach-Club Vaterstetten-Grasbrunn"]
[BlackTeam "SK Frankenthal"]
[PlyCount "70"]
[WhiteFideId "16226372"]
[BlackFideId "16241754"]
[EventCountry "GER"]
[EventRounds "7"]
[EventType "team-swiss"]
[EventDate "2022.12.26"]

1. e4 {[%clk 1:30:57]} c5 {[%clk 1:30:51]} 2. Nf3 {[%clk 1:31:23]} d6 {[%clk
1:31:16]} 3. d4 {[%clk 1:31:48]} cxd4 {[%clk 1:31:41]} 4. Nxd4 {[%clk 1:32:12]}
Nf6 {[%clk 1:32:05]} 5. Nc3 {[%clk 1:32:39]} a6 {[%clk 1:32:29]} 6. Be2 {[%clk
1:33:06]} e5 {[%clk 1:32:15]} 7. Nb3 {[%clk 1:33:30]} Be7 {[%clk 1:32:34]} 8.
O-O {[%clk 1:33:53]} Be6 {[%clk 1:31:57]} 9. Be3 {[%clk 1:34:16]} b5 {[%clk
1:31:05]} 10. a3 {[%clk 1:32:54]} Nbd7 {[%clk 1:30:17]} 11. Qd2 {[%clk
1:32:02]} Nb6 {[%clk 1:28:14]} 12. Rfd1 {[%clk 1:28:25]} Qc7 {[%clk 1:26:11]}
13. Nc1 {[%clk 1:18:14]} Nc4 {[%clk 1:20:06]} 14. Bxc4 {[%clk 1:18:29]} bxc4
{[%clk 1:20:30]} 15. Nd5 {[%clk 1:16:21]} Bxd5 {[%clk 1:18:28]} 16. exd5 {[%clk
1:16:45]} Rb8 {[%clk 1:18:44]} 17. b4 {[%clk 1:13:56]} Rb5 {[%clk 1:17:17]} 18.
Ne2 {[%clk 1:03:10]} Rxd5 {[%clk 1:16:20]} 19. Qxd5 {[%clk 1:03:16]} Nxd5
{[%clk 1:16:33]} 20. Rxd5 {[%clk 1:03:44]} O-O {[%clk 1:15:05]} 21. Nc3 {[%clk
1:03:01]} f5 {[%clk 1:14:27]} 22. f3 {[%clk 1:02:29]} Bf6 {[%clk 1:09:58]} 23.
Rd2 {[%clk 0:58:00]} e4 {[%clk 1:04:12]} 24. Nd5 {[%clk 0:57:31]} Qb7 {[%clk
1:03:54]} 25. Nxf6 {[%clk 0:57:10]} Rxf6 {[%clk 1:04:16]} 26. f4 {[%clk
0:56:51]} Kf7 {[%clk 1:04:11]} 27. c3 {[%clk 0:56:45]} d5 {[%clk 0:59:37]} 28.
Kf2 {[%clk 0:55:38]} Rd6 {[%clk 0:58:14]} 29. a4 {[%clk 0:50:14]} h6 {[%clk
0:54:49]} 30. g3 {[%clk 0:41:33]} Ke6 {[%clk 0:49:12]} 31. Bd4 {[%clk 0:36:59]}
g5 {[%clk 0:47:20]} 32. Ke3 {[%clk 0:36:52]} Qf7 {[%clk 0:42:01]} 33. Rf2
{[%clk 0:35:07]} gxf4 {[%clk 0:35:15]} 34. Rxf4 {[%clk 0:35:26]} Qh5 {[%clk
0:34:54]} 35. Rf2 {[%clk 0:32:29]} Qg5 {[%clk 0:21:34]} 1/2-1/2

[Event "DVM U16 2022"]
[Site "Darmstadt GER"]
[Date "2022.12.28"]
[Round "4"]
[White "Morgenthaler, Nick"]
[Black "Popovici, Liviu-Daniel"]
[Result "1-0"]
[Termination "normal"]
[Board "5.2"]
[WhiteElo "1320"]
[BlackElo "1594"]
[WhiteClock "01:29:36"]
[BlackClock "00:38:12"]
[WhiteTeam "SK Frankenthal"]
[BlackTeam "Schach-Club Vaterstetten-Grasbrunn"]
[PlyCount "55"]
[WhiteFideId "16286138"]
[BlackFideId "1253689"]
[EventCountry "GER"]
[EventRounds "7"]
[EventType "team-swiss"]
[EventDate "2022.12.26"]

1. d4 {[%clk 1:30:58]} Nf6 {[%clk 1:30:51]} 2. c4 {[%clk 1:31:14]} c5 {[%clk
1:31:13]} 3. d5 {[%clk 1:31:38]} b5 {[%clk 1:31:38]} 4. g4 {[%clk 1:31:40]}
bxc4 {[%clk 1:30:29]} 5. g5 {[%clk 1:31:38]} Nh5 {[%clk 1:29:54]} 6. e4 {[%clk
1:31:27]} g6 {[%clk 1:29:08]} 7. Bd2 {[%clk 1:31:14]} Bg7 {[%clk 1:29:00]} 8.
Nc3 {[%clk 1:31:35]} Qc7 {[%clk 1:28:00]} 9. Bxc4 {[%clk 1:31:01]} O-O {[%clk
1:21:19]} 10. Nge2 {[%clk 1:31:06]} d6 {[%clk 1:19:40]} 11. Ng3 {[%clk
1:31:05]} Nxg3 {[%clk 1:14:57]} 12. hxg3 {[%clk 1:31:29]} e6 {[%clk 1:14:11]}
13. Qg4 {[%clk 1:31:47]} f5 {[%clk 1:09:52]} 14. Qh3 {[%clk 1:31:25]} e5 {[%clk
1:04:13]} 15. Qxh7 {[%clk 1:31:40]} Kf7 {[%clk 1:04:36]} 16. Rh6 {[%clk
1:32:06]} Rh8 {[%clk 0:57:23]} 17. Qxg6 {[%clk 1:31:36]} Kf8 {[%clk 0:57:39]}
18. Nb5 {[%clk 1:31:43]} Qe7 {[%clk 0:53:14]} 19. Rxh8 {[%clk 1:31:44]} Bxh8
{[%clk 0:53:37]} 20. O-O-O {[%clk 1:29:29]} fxe4 {[%clk 0:48:34]} 21. Rh1
{[%clk 1:29:44]} Bg7 {[%clk 0:48:24]} 22. Nxd6 {[%clk 1:29:48]} Ba6 {[%clk
0:42:10]} 23. Bxa6 {[%clk 1:28:06]} Nxa6 {[%clk 0:42:35]} 24. Nxe4 {[%clk
1:28:23]} Nb4 {[%clk 0:41:04]} 25. Nf6 {[%clk 1:28:39]} Nd3 {[%clk 0:39:42]}
26. Qxd3 {[%clk 1:29:00]} Bxf6 {[%clk 0:40:01]} 27. Qf5 {[%clk 1:29:21]} c4
{[%clk 0:38:12]} 28. Rh8 {[%clk 1:29:36]} 1-0

[Event "DVM U16 2022"]
[Site "Darmstadt GER"]
[Date "2022.12.28"]
[Round "4"]
[White "Deiters, Clemens"]
[Black "Schreidl, Michael"]
[Result "1/2-1/2"]
[Termination "normal"]
[Board "5.3"]
[WhiteElo "1343"]
[BlackElo "1713"]
[WhiteClock "00:32:14"]
[BlackClock "00:03:12"]
[WhiteTeam "Schach-Club Vaterstetten-Grasbrunn"]
[BlackTeam "SK Frankenthal"]
[PlyCount "77"]
[WhiteFideId "16240243"]
[BlackFideId "16265750"]
[EventCountry "GER"]
[EventRounds "7"]
[EventType "team-swiss"]
[EventDate "2022.12.26"]

1. e4 {[%clk 1:30:55]} e5 {[%clk 1:30:59]} 2. Nf3 {[%clk 1:31:17]} Nc6 {[%clk
1:31:21]} 3. Bc4 {[%clk 1:31:41]} Bc5 {[%clk 1:31:47]} 4. O-O {[%clk 1:32:04]}
Nf6 {[%clk 1:31:29]} 5. d4 {[%clk 1:32:22]} Bxd4 {[%clk 1:26:34]} 6. Nxd4
{[%clk 1:32:45]} Nxd4 {[%clk 1:26:56]} 7. f4 {[%clk 1:33:11]} d6 {[%clk
1:26:22]} 8. fxe5 {[%clk 1:33:01]} dxe5 {[%clk 1:26:46]} 9. Bg5 {[%clk
1:33:28]} Be6 {[%clk 1:08:55]} 10. Na3 {[%clk 1:29:26]} Qe7 {[%clk 1:07:19]}
11. c3 {[%clk 1:26:09]} Nc6 {[%clk 1:03:36]} 12. Kh1 {[%clk 1:25:06]} h6 {[%clk
0:41:20]} 13. Bxf6 {[%clk 1:19:57]} gxf6 {[%clk 0:41:44]} 14. Qf3 {[%clk
1:20:17]} Rd8 {[%clk 0:31:25]} 15. Qxf6 {[%clk 1:16:33]} Qxf6 {[%clk 0:31:13]}
16. Rxf6 {[%clk 1:16:58]} Rd2 {[%clk 0:30:57]} 17. Bxe6 {[%clk 1:08:38]} fxe6
{[%clk 0:31:24]} 18. Nc4 {[%clk 1:08:01]} Re2 {[%clk 0:30:27]} 19. Raf1 {[%clk
1:06:11]} Rh7 {[%clk 0:28:12]} 20. Rxe6 {[%clk 1:04:58]} Kd7 {[%clk 0:27:54]}
21. Ref6 {[%clk 1:00:23]} Rxe4 {[%clk 0:27:44]} 22. Nd2 {[%clk 1:00:06]} Re2
{[%clk 0:26:03]} 23. R6f2 {[%clk 1:00:14]} Rxf2 {[%clk 0:25:11]} 24. Rxf2
{[%clk 1:00:39]} Ke6 {[%clk 0:23:21]} 25. Ne4 {[%clk 0:59:59]} b6 {[%clk
0:20:14]} 26. Kg1 {[%clk 0:56:03]} Rf7 {[%clk 0:18:21]} 27. Rxf7 {[%clk
0:49:51]} Kxf7 {[%clk 0:18:45]} 28. Kf2 {[%clk 0:50:14]} Ke6 {[%clk 0:18:12]}
29. Ke3 {[%clk 0:50:16]} Ne7 {[%clk 0:17:30]} 30. g3 {[%clk 0:46:17]} h5 {[%clk
0:06:40]} 31. h3 {[%clk 0:43:28]} Nf5 {[%clk 0:05:35]} 32. Kd3 {[%clk 0:40:32]}
a5 {[%clk 0:05:01]} 33. g4 {[%clk 0:39:23]} hxg4 {[%clk 0:05:22]} 34. hxg4
{[%clk 0:39:49]} Nh4 {[%clk 0:04:57]} 35. c4 {[%clk 0:36:36]} Nf3 {[%clk
0:04:08]} 36. Ke3 {[%clk 0:35:15]} Nh2 {[%clk 0:03:31]} 37. Nf2 {[%clk
0:32:29]} Nf1 {[%clk 0:03:40]} 38. Kd3 {[%clk 0:32:14]} Nh2 {[%clk 0:03:12]}
39. Ke4 1/2-1/2

[Event "DVM U16 2022"]
[Site "Darmstadt GER"]
[Date "2022.12.28"]
[Round "4"]
[White "Goldinov, Daniel"]
[Black "Schwartz, Oliver"]
[Result "0-1"]
[Termination "normal"]
[Board "6.1"]
[WhiteElo "1687"]
[BlackElo "1868"]
[WhiteClock "00:11:06"]
[BlackClock "00:24:08"]
[WhiteTeam "Stuttgarter SF 1879"]
[BlackTeam "SC Ostfildern 1952 e.V."]
[PlyCount "90"]
[WhiteFideId "34605649"]
[BlackFideId "16207459"]
[EventCountry "GER"]
[EventRounds "7"]
[EventType "team-swiss"]
[EventDate "2022.12.26"]

1. Nf3 {[%clk 1:30:56]} Nf6 {[%clk 1:30:25]} 2. g3 {[%clk 1:31:12]} g6 {[%clk
1:30:38]} 3. Bg2 {[%clk 1:31:33]} Bg7 {[%clk 1:31:06]} 4. O-O {[%clk 1:31:55]}
O-O {[%clk 1:31:30]} 5. d3 {[%clk 1:32:20]} d6 {[%clk 1:28:24]} 6. c3 {[%clk
1:32:18]} Nbd7 {[%clk 1:18:38]} 7. Nbd2 {[%clk 1:32:08]} e5 {[%clk 1:13:47]} 8.
e4 {[%clk 1:32:15]} Ne8 {[%clk 1:08:34]} 9. Re1 {[%clk 1:31:34]} f5 {[%clk
1:04:16]} 10. Nf1 {[%clk 1:31:18]} Kh8 {[%clk 1:02:13]} 11. Bd2 {[%clk
1:23:30]} Ndf6 {[%clk 0:53:13]} 12. Qc1 {[%clk 1:20:53]} Rb8 {[%clk 0:49:55]}
13. Bh6 {[%clk 1:17:41]} Bd7 {[%clk 0:49:14]} 14. Bxg7 {[%clk 1:17:07]} Nxg7
{[%clk 0:49:33]} 15. a4 {[%clk 1:15:47]} Bc6 {[%clk 0:46:51]} 16. N3d2 {[%clk
1:00:04]} Qd7 {[%clk 0:44:42]} 17. Qc2 {[%clk 0:58:00]} Rf7 {[%clk 0:43:43]}
18. b4 {[%clk 0:55:19]} b6 {[%clk 0:42:39]} 19. b5 {[%clk 0:54:42]} Ba8 {[%clk
0:42:43]} 20. Nc4 {[%clk 0:49:23]} Rbf8 {[%clk 0:41:23]} 21. Nfd2 {[%clk
0:44:39]} fxe4 {[%clk 0:38:13]} 22. dxe4 {[%clk 0:43:13]} Ne6 {[%clk 0:37:52]}
23. Rad1 {[%clk 0:40:12]} Nc5 {[%clk 0:37:17]} 24. f3 {[%clk 0:33:32]} Qe6
{[%clk 0:36:14]} 25. Bf1 {[%clk 0:31:42]} Nh5 {[%clk 0:33:59]} 26. Ne3 {[%clk
0:28:28]} Qd7 {[%clk 0:30:25]} 27. Bc4 {[%clk 0:20:51]} Re7 {[%clk 0:29:06]}
28. Nd5 {[%clk 0:16:47]} Ree8 {[%clk 0:29:20]} 29. Re3 {[%clk 0:15:27]} Ng7
{[%clk 0:28:27]} 30. Rde1 {[%clk 0:13:27]} Nge6 {[%clk 0:27:20]} 31. Bf1 {[%clk
0:09:44]} Ng5 {[%clk 0:26:23]} 32. h4 {[%clk 0:08:28]} Nge6 {[%clk 0:25:44]}
33. Bh3 {[%clk 0:08:14]} Qd8 {[%clk 0:23:23]} 34. Kh2 {[%clk 0:06:35]} Ng7
{[%clk 0:21:34]} 35. c4 {[%clk 0:05:07]} Rf7 {[%clk 0:18:46]} 36. Nb1 {[%clk
0:03:25]} Ref8 {[%clk 0:18:48]} 37. Kg2 {[%clk 0:03:03]} Nge6 {[%clk 0:17:20]}
38. Bxe6 {[%clk 0:02:35]} Nxe6 {[%clk 0:17:44]} 39. Qb2 {[%clk 0:01:44]} Kg8
{[%clk 0:17:22]} 40. Nd2 {[%clk 0:00:50]} Nd4 {[%clk 0:15:26]} 41. Rf1 {[%clk
0:30:30]} g5 {[%clk 0:29:22]} 42. Nb3 {[%clk 0:20:54]} Ne6 {[%clk 0:28:02]} 43.
Rh1 {[%clk 0:17:03]} gxh4 {[%clk 0:25:43]} 44. Rxh4 {[%clk 0:16:42]} Rg7 {[%clk
0:25:39]} 45. Kf2 {[%clk 0:11:06]} Qg5 {[%clk 0:24:08]} 0-1

[Event "DVM U16 2022"]
[Site "Darmstadt GER"]
[Date "2022.12.28"]
[Round "4"]
[White "Sökler, Jakob"]
[Black "Walter, Romeo"]
[Result "1/2-1/2"]
[Termination "normal"]
[Board "6.3"]
[WhiteElo "1585"]
[BlackElo "1267"]
[WhiteClock "01:01:37"]
[BlackClock "00:54:52"]
[WhiteTeam "Stuttgarter SF 1879"]
[BlackTeam "SC Ostfildern 1952 e.V."]
[PlyCount "41"]
[WhiteFideId "34630350"]
[BlackFideId "16275055"]
[EventCountry "GER"]
[EventRounds "7"]
[EventType "team-swiss"]
[EventDate "2022.12.26"]

1. d4 {[%clk 1:30:25]} Nf6 {[%clk 1:30:49]} 2. c4 {[%clk 1:30:48]} e6 {[%clk
1:30:47]} 3. Nc3 {[%clk 1:31:11]} d5 {[%clk 1:31:12]} 4. cxd5 {[%clk 1:31:33]}
exd5 {[%clk 1:31:37]} 5. Bg5 {[%clk 1:31:56]} Be7 {[%clk 1:32:00]} 6. e3 {[%clk
1:32:08]} O-O {[%clk 1:32:17]} 7. Qc2 {[%clk 1:32:00]} c6 {[%clk 1:30:58]} 8.
Bd3 {[%clk 1:32:14]} h6 {[%clk 1:27:13]} 9. Bh4 {[%clk 1:32:14]} Re8 {[%clk
1:27:04]} 10. Nge2 {[%clk 1:32:14]} Ne4 {[%clk 1:25:45]} 11. Bxe7 {[%clk
1:32:22]} Qxe7 {[%clk 1:25:12]} 12. O-O {[%clk 1:28:22]} Nd7 {[%clk 1:21:11]}
13. Nf4 {[%clk 1:20:17]} Ndf6 {[%clk 1:17:54]} 14. Rac1 {[%clk 1:12:49]} Bd7
{[%clk 1:10:38]} 15. a3 {[%clk 1:09:57]} a6 {[%clk 1:09:41]} 16. Na4 {[%clk
1:08:30]} Qd8 {[%clk 0:57:02]} 17. b4 {[%clk 1:06:33]} b5 {[%clk 0:56:47]} 18.
Nc5 {[%clk 1:05:37]} Nxc5 {[%clk 0:57:09]} 19. Qxc5 {[%clk 1:03:32]} Ne4 {[%clk
0:56:02]} 20. Qc2 {[%clk 1:03:35]} a5 {[%clk 0:54:52]} 21. Ra1 {[%clk 1:01:37]}
1/2-1/2

[Event "DVM U16 2022"]
[Site "Darmstadt GER"]
[Date "2022.12.28"]
[Round "4"]
[White "Erhardt, Daniel"]
[Black "Nuñez Grégoire, Daniel"]
[Result "0-1"]
[Termination "normal"]
[Board "6.4"]
[WhiteElo "1324"]
[BlackElo "1650"]
[WhiteClock "00:49:27"]
[BlackClock "01:30:48"]
[WhiteTeam "SC Ostfildern 1952 e.V."]
[BlackTeam "Stuttgarter SF 1879"]
[PlyCount "94"]
[WhiteFideId "16249429"]
[BlackFideId "34627103"]
[EventCountry "GER"]
[EventRounds "7"]
[EventType "team-swiss"]
[EventDate "2022.12.26"]

1. c4 {[%clk 1:30:37]} e5 {[%clk 1:30:52]} 2. e4 {[%clk 1:30:58]} Nf6 {[%clk
1:31:12]} 3. Nc3 {[%clk 1:31:20]} Bb4 {[%clk 1:31:32]} 4. d3 {[%clk 1:31:23]}
O-O {[%clk 1:31:37]} 5. g3 {[%clk 1:31:02]} Nc6 {[%clk 1:31:51]} 6. Bg2 {[%clk
1:31:09]} h6 {[%clk 1:31:27]} 7. Nge2 {[%clk 1:31:07]} d6 {[%clk 1:31:34]} 8.
h3 {[%clk 1:31:23]} a6 {[%clk 1:31:41]} 9. Be3 {[%clk 1:30:16]} Nd7 {[%clk
1:29:59]} 10. O-O {[%clk 1:29:49]} Bc5 {[%clk 1:30:16]} 11. Bxc5 {[%clk
1:28:54]} Nxc5 {[%clk 1:30:36]} 12. a3 {[%clk 1:28:20]} Ne6 {[%clk 1:30:09]}
13. f4 {[%clk 1:27:14]} exf4 {[%clk 1:28:39]} 14. Nxf4 {[%clk 1:26:23]} Nxf4
{[%clk 1:28:57]} 15. Rxf4 {[%clk 1:26:00]} Qg5 {[%clk 1:28:50]} 16. Kh2 {[%clk
1:26:00]} Bd7 {[%clk 1:26:44]} 17. Nd5 {[%clk 1:24:44]} Rac8 {[%clk 1:26:12]}
18. b4 {[%clk 1:23:45]} Ne7 {[%clk 1:26:11]} 19. h4 {[%clk 1:20:48]} Qe5 {[%clk
1:25:15]} 20. Nxe7 {[%clk 1:13:18]} Qxe7 {[%clk 1:25:30]} 21. Qh5 {[%clk
1:09:21]} Qe5 {[%clk 1:25:22]} 22. Qxe5 {[%clk 1:09:33]} dxe5 {[%clk 1:25:45]}
23. Rf2 {[%clk 1:10:22]} Bc6 {[%clk 1:26:19]} 24. a4 {[%clk 1:05:14]} b6 {[%clk
1:25:51]} 25. b5 {[%clk 1:04:51]} Bb7 {[%clk 1:26:05]} 26. Rd1 {[%clk 1:04:57]}
Rcd8 {[%clk 1:26:12]} 27. Rfd2 {[%clk 1:05:03]} Rd4 {[%clk 1:26:28]} 28. g4
{[%clk 1:03:12]} Rfd8 {[%clk 1:26:35]} 29. h5 {[%clk 1:01:22]} axb5 {[%clk
1:26:55]} 30. axb5 {[%clk 1:01:43]} Bc8 {[%clk 1:27:16]} 31. Kg3 {[%clk
1:00:39]} Be6 {[%clk 1:27:38]} 32. Rc2 {[%clk 0:54:24]} Rxd3 {[%clk 1:27:56]}
33. Rxd3 {[%clk 0:54:50]} Rxd3 {[%clk 1:28:18]} 34. Bf3 {[%clk 0:55:10]} Rd4
{[%clk 1:28:29]} 35. Be2 {[%clk 0:54:12]} Rxe4 {[%clk 1:28:42]} 36. Kf3 {[%clk
0:48:45]} Rxg4 {[%clk 1:28:53]} 37. Rd2 {[%clk 0:47:52]} Rd4 {[%clk 1:28:46]}
38. Rxd4 {[%clk 0:47:36]} exd4 {[%clk 1:29:09]} 39. Ke4 {[%clk 0:48:05]} Kf8
{[%clk 1:28:51]} 40. Kxd4 {[%clk 0:48:30]} Ke7 {[%clk 1:29:07]} 41. Ke4 {[%clk
0:48:35]} Kd6 {[%clk 1:29:15]} 42. Kd4 {[%clk 0:48:39]} g5 {[%clk 1:29:21]} 43.
hxg6 {[%clk 0:49:02]} fxg6 {[%clk 1:29:43]} 44. Bf3 {[%clk 0:49:02]} g5 {[%clk
1:29:59]} 45. Be4 {[%clk 0:48:59]} h5 {[%clk 1:30:09]} 46. Bg2 {[%clk 0:49:05]}
h4 {[%clk 1:30:29]} 47. Bf3 {[%clk 0:49:27]} g4 {[%clk 1:30:48]} 0-1

[Event "DVM U16 2022"]
[Site "Darmstadt GER"]
[Date "2022.12.28"]
[Round "4"]
[White "Meuer, David"]
[Black "Bilovil, Bogdan"]
[Result "1/2-1/2"]
[Termination "normal"]
[Board "7.1"]
[BlackTitle "FM"]
[WhiteElo "1949"]
[BlackElo "2373"]
[WhiteClock "00:24:58"]
[BlackClock "00:58:55"]
[WhiteTeam "SV Turm Lahnstein"]
[BlackTeam "Rhedaer Schachverein von 1931 e. V."]
[PlyCount "55"]
[WhiteFideId "16262964"]
[BlackFideId "14168766"]
[EventCountry "GER"]
[EventRounds "7"]
[EventType "team-swiss"]
[EventDate "2022.12.26"]

1. e4 {[%clk 1:30:59]} e5 {[%clk 1:30:35]} 2. Nf3 {[%clk 1:31:25]} Nc6 {[%clk
1:30:57]} 3. d4 {[%clk 1:31:51]} exd4 {[%clk 1:31:17]} 4. Nxd4 {[%clk 1:32:14]}
Bc5 {[%clk 1:31:06]} 5. Nxc6 {[%clk 1:32:37]} Qf6 {[%clk 1:31:21]} 6. Qd2
{[%clk 1:33:01]} Qxc6 {[%clk 1:31:02]} 7. Bd3 {[%clk 1:33:23]} Ne7 {[%clk
1:28:31]} 8. O-O {[%clk 1:33:33]} b6 {[%clk 1:27:33]} 9. b4 {[%clk 1:32:05]}
Bd4 {[%clk 1:26:38]} 10. c3 {[%clk 1:32:26]} Bf6 {[%clk 1:27:03]} 11. f4 {[%clk
1:30:27]} g6 {[%clk 1:26:39]} 12. Bb2 {[%clk 1:22:36]} Bb7 {[%clk 1:25:36]} 13.
Na3 {[%clk 1:21:21]} a6 {[%clk 1:22:13]} 14. Rae1 {[%clk 1:18:14]} O-O-O {[%clk
1:20:21]} 15. Qe2 {[%clk 0:58:48]} b5 {[%clk 1:18:59]} 16. c4 {[%clk 0:54:19]}
Bxb2 {[%clk 1:18:16]} 17. Qxb2 {[%clk 0:54:41]} bxc4 {[%clk 1:18:40]} 18. Nxc4
{[%clk 0:52:52]} d5 {[%clk 1:18:50]} 19. Na5 {[%clk 0:42:11]} Qb6 {[%clk
1:19:08]} 20. Kh1 {[%clk 0:42:33]} Rhg8 {[%clk 0:58:59]} 21. Nxb7 {[%clk
0:40:39]} Kxb7 {[%clk 0:59:26]} 22. Rc1 {[%clk 0:37:25]} dxe4 {[%clk 0:58:24]}
23. Bxe4 {[%clk 0:37:45]} Kb8 {[%clk 0:58:36]} 24. Qe5 {[%clk 0:28:01]} Qd6
{[%clk 0:58:15]} 25. Qa5 {[%clk 0:27:28]} Qb6 {[%clk 0:58:35]} 26. Qe5 {[%clk
0:25:42]} Qd6 {[%clk 0:58:49]} 27. Qa5 {[%clk 0:25:55]} Qb6 {[%clk 0:58:55]}
28. Qe5 {[%clk 0:24:58]} 1/2-1/2

[Event "DVM U16 2022"]
[Site "Darmstadt GER"]
[Date "2022.12.28"]
[Round "4"]
[White "Kolkmann, Tom"]
[Black "Mader, Fabian"]
[Result "0-1"]
[Termination "normal"]
[Board "7.2"]
[WhiteElo "1661"]
[BlackElo "1819"]
[WhiteClock "00:40:05"]
[BlackClock "01:01:25"]
[WhiteTeam "Rhedaer Schachverein von 1931 e. V."]
[BlackTeam "SV Turm Lahnstein"]
[PlyCount "90"]
[WhiteFideId "34607013"]
[BlackFideId "16265866"]
[EventCountry "GER"]
[EventRounds "7"]
[EventType "team-swiss"]
[EventDate "2022.12.26"]

1. e4 {[%clk 1:30:59]} c5 {[%clk 1:30:55]} 2. Nf3 {[%clk 1:31:20]} Nc6 {[%clk
1:31:20]} 3. Bc4 {[%clk 1:31:22]} g6 {[%clk 1:31:06]} 4. d4 {[%clk 1:31:22]}
cxd4 {[%clk 1:31:16]} 5. Nxd4 {[%clk 1:31:47]} Bg7 {[%clk 1:31:37]} 6. c3
{[%clk 1:32:07]} e6 {[%clk 1:30:26]} 7. Be3 {[%clk 1:31:25]} Nge7 {[%clk
1:30:01]} 8. O-O {[%clk 1:31:16]} O-O {[%clk 1:29:34]} 9. Nd2 {[%clk 1:29:08]}
d5 {[%clk 1:28:23]} 10. exd5 {[%clk 1:29:16]} Nxd5 {[%clk 1:27:36]} 11. Bxd5
{[%clk 1:28:14]} exd5 {[%clk 1:26:20]} 12. N2b3 {[%clk 1:28:11]} Ne5 {[%clk
1:21:44]} 13. Nd2 {[%clk 1:25:49]} a6 {[%clk 1:20:37]} 14. N4f3 {[%clk
1:24:58]} Bg4 {[%clk 1:19:03]} 15. h3 {[%clk 1:25:15]} Bxf3 {[%clk 1:18:45]}
16. Nxf3 {[%clk 1:25:35]} Nc4 {[%clk 1:18:45]} 17. Qb3 {[%clk 1:21:15]} Nxe3
{[%clk 1:17:23]} 18. fxe3 {[%clk 1:21:38]} Qe7 {[%clk 1:12:02]} 19. Qxd5 {[%clk
1:11:11]} Qxe3 {[%clk 1:12:08]} 20. Kh1 {[%clk 1:11:30]} Qb6 {[%clk 1:10:49]}
21. Qb3 {[%clk 1:06:59]} Qxb3 {[%clk 1:09:17]} 22. axb3 {[%clk 1:07:22]} Rfe8
{[%clk 1:08:26]} 23. Rfe1 {[%clk 1:07:38]} Kf8 {[%clk 1:07:20]} 24. Kg1 {[%clk
1:05:32]} Rxe1 {[%clk 1:06:42]} 25. Rxe1 {[%clk 1:05:51]} Re8 {[%clk 1:06:39]}
26. Kf2 {[%clk 1:04:31]} Rxe1 {[%clk 1:06:50]} 27. Nxe1 {[%clk 1:04:55]} Ke7
{[%clk 1:06:42]} 28. Nd3 {[%clk 1:05:06]} Kd6 {[%clk 1:06:28]} 29. Ke3 {[%clk
1:05:19]} f5 {[%clk 1:04:26]} 30. g4 {[%clk 0:59:35]} Be5 {[%clk 0:59:52]} 31.
gxf5 {[%clk 0:58:30]} gxf5 {[%clk 1:00:13]} 32. Kf3 {[%clk 0:58:44]} Kd5 {[%clk
0:57:48]} 33. Nf4 {[%clk 0:43:34]} Bxf4 {[%clk 0:57:40]} 34. Kxf4 {[%clk
0:43:57]} Ke6 {[%clk 0:58:07]} 35. b4 {[%clk 0:43:53]} Kf6 {[%clk 0:58:05]} 36.
b3 {[%clk 0:44:17]} Ke6 {[%clk 0:58:22]} 37. c4 {[%clk 0:43:52]} Kf6 {[%clk
0:58:41]} 38. c5 {[%clk 0:40:26]} h6 {[%clk 0:58:42]} 39. h4 {[%clk 0:40:10]}
Ke6 {[%clk 0:59:06]} 40. b5 {[%clk 0:39:58]} axb5 {[%clk 0:59:27]} 41. b4
{[%clk 0:40:19]} Kf6 {[%clk 0:59:51]} 42. h5 {[%clk 0:39:17]} Ke6 {[%clk
1:00:15]} 43. Kf3 {[%clk 0:39:28]} Ke5 {[%clk 1:00:36]} 44. Ke3 {[%clk
0:39:45]} f4 {[%clk 1:01:00]} 45. Kf3 {[%clk 0:40:05]} Kf5 {[%clk 1:01:25]} 0-1